| 000 | 01372nam a22002177a 4500 | ||
|---|---|---|---|
| 999 |
_c10073 _d10073 |
||
| 003 | AR-CdUCM | ||
| 008 | 190329b ||||| |||| 00| 0 spa d | ||
| 040 |
_aMUNICIPALIDAD PROVINCIAL DEL CUSCO _cBIBLIOTECA MUNICIPAL DEL CUSCO |
||
| 082 |
_24 ed. _a346.07 / _bB23 / 1932 |
||
| 100 |
_aBarros Errázuriz, Alfredo _926719 |
||
| 245 | _aCurso de derecho civil / | ||
| 260 |
_aSantiago : _bNascimiento, _c1932. |
||
| 300 |
_a5 volúmenes ; _c21 cm. |
||
| 500 | _av.2: Trata de la teoría de las obligaciones. 4ta edición corregida y aumentada. v.3: Trata de los contratos y de mas fuentes de las obligaciones. v.5: Trata de la sucesión por causa de muerte y de la donaciones entre vivos. | ||
| 505 | _aContenido : v.2: Teoría general de las obligaciones -- Noción de la obligación -- De las fuentes de las obligaciones -- Diversas clases de obligaciones -- v.3: Trata de los contratos y de mas fuentes de la obligación -- Generalidades clasificación de los contratos -- Condiciones de validez de los contratos -- Efectos jurídicos de los contratos -- v.5: Definiciones y reglas generales -- La adquisiciones a titulo gratuito -- Sucesión por causa de muerte -- Asignación por causa e muerte -- Sucesión a titulo universal ... | ||
| 650 |
_aDerecho _9739 |
||
| 650 |
_aContratos _98317 |
||
| 650 |
_aJurídicos _926720 |
||
| 942 |
_2ddc _cLIBROS |
||
| 945 | _arah | ||